[Event "Ciudad de Asuncion, Copa Benito Roggio"]
[Site "Asuncion"]
[Date "2008.06.17"]
[Round "1.1"]
[White "Bachmann, Axel"]
[Black "Larrea, Manuel"]
[Result "1-0"]
[WhiteElo "2519"]
[BlackElo "2342"]
[PlyCount "87"]
[EventDate "2008.06.17"]
[EventType "tourn"]
[EventRounds "2"]
[EventCountry "PAR"]
[EventCategory "6"]
[SourceDate "2008.06.17"]

1. c4 c5 2. Nc3 b6 3. Nf3 Bb7 4. e4 d6 5. d4 cxd4 6. Nxd4 Nf6 7. Bd3 e6 8. O-O
Be7 9. f4 O-O 10. Kh1 Nbd7 11. Qe2 g6 12. e5 Ne8 13. Be4 Bxe4 14. Qxe4 Nc5 15.
Qf3 Rc8 16. Nc6 Qc7 17. Nxe7+ Qxe7 18. b3 f6 19. exf6 Nxf6 20. Bb2 Rf7 21. Rae1
Qd7 22. Rd1 a6 23. Qe2 Qc6 24. Rd4 Re8 25. Qd1 Rd7 26. Re1 e5 27. Nd5 Nxd5 28.
Rxd5 Ree7 29. fxe5 dxe5 30. Rexe5 Rxe5 31. Bxe5 Rxd5 32. cxd5 Qe8 33. Bd4 Nd7
34. h3 Qe4 35. Bg1 Kf7 36. Qf1+ Nf6 37. Bxb6 Qxd5 38. Qxa6 Qd1+ 39. Bg1 Nh5 40.
Qc4+ Kf8 41. Qc5+ Kf7 42. Kh2 Nf6 43. Bd4 Qf1 44. Qc7+ 1-0

[Event "Ciudad de Asuncion, Copa Benito Roggio"]
[Site "Asuncion"]
[Date "2008.06.17"]
[Round "1.1"]
[White "Kropff, Ricardo"]
[Black "Diaz, Nahuel"]
[Result "0-1"]
[WhiteElo "2282"]
[BlackElo "2430"]
[PlyCount "74"]
[EventDate "2008.06.17"]
[EventType "tourn"]
[EventRounds "2"]
[EventCountry "PAR"]
[EventCategory "6"]
[SourceDate "2008.06.17"]

1. c4 e5 2. Nc3 d6 3. g3 Nc6 4. Bg2 f5 5. d3 Nf6 6. e4 g6 7. Nge2 Bg7 8. O-O
O-O 9. Nd5 Nh5 10. exf5 Bxf5 11. Be3 Qd7 12. Qd2 Rf7 13. d4 Bh3 14. f3 Raf8 15.
Rad1 Bxg2 16. Kxg2 exd4 17. Bxd4 Bxd4 18. Nxd4 Ne5 19. Qe2 c6 20. f4 cxd5 21.
fxe5 dxe5 22. Qxe5 dxc4 23. Rxf7 Qxf7 24. Re1 Nf6 25. Rf1 Qd5+ 26. Qxd5+ Nxd5
27. Rxf8+ Kxf8 28. Nc2 Ke7 29. Kf3 Kd6 30. Ke4 b5 31. Kd4 Ne7 32. a4 Nc6+ 33.
Kc3 a6 34. axb5 axb5 35. Ne3 Kc5 36. Ng4 b4+ 37. Kd2 Kd4 0-1

[Event "Ciudad de Asuncion, Copa Benito Roggio"]
[Site "Asuncion"]
[Date "2008.06.18"]
[Round "1.2"]
[White "Diaz, Nahuel"]
[Black "Larrea, Manuel"]
[Result "1-0"]
[WhiteElo "2430"]
[BlackElo "2342"]
[PlyCount "67"]
[EventDate "2008.06.17"]
[EventType "tourn"]
[EventRounds "2"]
[EventCountry "PAR"]
[EventCategory "6"]
[SourceDate "2008.06.17"]

1. c4 Nf6 2. Nc3 g6 3. g3 Bg7 4. Bg2 O-O 5. Nf3 d6 6. O-O e5 7. Rb1 Nc6 8. b4
a6 9. d3 h6 10. a4 Be6 11. Bd2 Qd7 12. b5 axb5 13. axb5 Ne7 14. c5 Bh3 15. Qb3
Kh7 16. Rfc1 Bxg2 17. Kxg2 Nf5 18. e4 Ne7 19. cxd6 cxd6 20. Na4 Qd8 21. Rc2 Nd7
22. Bb4 Nb6 23. Nb2 f5 24. Rbc1 fxe4 25. dxe4 d5 26. Rc7 dxe4 27. Bxe7 exf3+
28. Qxf3 Rxf3 29. Bxd8 Rb3 30. Bf6 Rg8 31. Rxb7 Nd5 32. Bxe5 Kh8 33. Nc4 g5 34.
Rd1 1-0

[Event "Ciudad de Asuncion, Copa Benito Roggio"]
[Site "Asuncion"]
[Date "2008.06.18"]
[Round "1.2"]
[White "Kropff, Ricardo"]
[Black "Cubas, Jose Fernando"]
[Result "0-1"]
[WhiteElo "2282"]
[BlackElo "2430"]
[PlyCount "66"]
[EventDate "2008.06.17"]
[EventType "tourn"]
[EventRounds "2"]
[EventCountry "PAR"]
[EventCategory "6"]
[SourceDate "2008.06.17"]

1. c4 Nf6 2. Nc3 e6 3. d4 d5 4. cxd5 exd5 5. Bg5 Nbd7 6. e3 Bb4 7. Bd3 c5 8.
Nge2 c4 9. Bc2 O-O 10. O-O Qa5 11. a3 Bd6 12. b3 cxb3 13. Bxb3 b6 14. Qb1 Ba6
15. Qb2 Bxe2 16. Nxe2 Ne4 17. Bf4 Bxf4 18. Nxf4 Ndf6 19. Rfc1 Rfc8 20. Rxc8+
Rxc8 21. Rc1 Rxc1+ 22. Qxc1 g5 23. Nd3 Qa6 24. Bc2 Qc4 25. f3 Nd6 26. Ne5 Qa2
27. Bd3 h6 28. Qc7 Qxa3 29. Qe7 Qc1+ 30. Kf2 Qd2+ 31. Be2 Qxe3+ 32. Kf1 Qc1+
33. Kf2 Nde4+ 0-1

[Event "Ciudad de Asuncion, Copa Benito Roggio"]
[Site "Asuncion"]
[Date "2008.06.19"]
[Round "1.3"]
[White "Bachmann, Axel"]
[Black "Kropff, Ricardo"]
[Result "1-0"]
[WhiteElo "2519"]
[BlackElo "2282"]
[PlyCount "37"]
[EventDate "2008.06.17"]
[EventType "tourn"]
[EventRounds "2"]
[EventCountry "PAR"]
[EventCategory "6"]
[SourceDate "2008.06.17"]

1. e4 c5 2. Nf3 d6 3. d4 cxd4 4. Nxd4 Nf6 5. Nc3 a6 6. g3 e5 7. Nde2 Be7 8. Bg2
O-O 9. O-O Nbd7 10. a4 b6 11. h3 Bb7 12. g4 Nc5 13. Ng3 g6 14. f4 exf4 15. Bxf4
Ne6 16. Bh6 Re8 17. Qf3 Qc7 18. Nd5 Bxd5 19. exd5 1-0

[Event "Ciudad de Asuncion, Copa Benito Roggio"]
[Site "Asuncion"]
[Date "2008.06.19"]
[Round "1.3"]
[White "Cubas, Jose Fernando"]
[Black "Diaz, Nahuel"]
[Result "1/2-1/2"]
[WhiteElo "2430"]
[BlackElo "2430"]
[PlyCount "79"]
[EventDate "2008.06.17"]
[EventType "tourn"]
[EventRounds "2"]
[EventCountry "PAR"]
[EventCategory "6"]
[SourceDate "2008.06.17"]

1. e4 e5 2. Nf3 Nf6 3. Nxe5 d6 4. Nf3 Nxe4 5. d4 d5 6. Bd3 Bd6 7. O-O O-O 8. c4
c6 9. Re1 Bf5 10. Nc3 Nxc3 11. bxc3 Bxd3 12. Qxd3 dxc4 13. Qxc4 Nd7 14. h3 Qc7
15. Re2 Rae8 16. Be3 Nf6 17. Rae1 h6 18. Qd3 b5 19. c4 bxc4 20. Qxc4 Re6 21.
Rc2 Nd5 22. Kf1 Bf4 23. Bxf4 Rxe1+ 24. Kxe1 Qxf4 25. Kf1 Rb8 26. Rc1 Rb6 27.
Re1 Qf5 28. Qc5 Kh7 29. Kg1 Ra6 30. Qc4 Rb6 31. Nh4 Qf6 32. Qc2+ g6 33. Nf3 Nf4
34. Kh2 Ne6 35. Qd2 Kg7 36. Kg1 Nf4 37. Kh2 Ne6 38. Kg1 Nf4 39. Kh2 Ne6 40. Kg1
1/2-1/2

[Event "Ciudad de Asuncion, Copa Benito Roggio"]
[Site "Asuncion"]
[Date "2008.06.19"]
[Round "1.3"]
[White "Larrea, Manuel"]
[Black "Brito, Luismar"]
[Result "1/2-1/2"]
[WhiteElo "2342"]
[BlackElo "2353"]
[PlyCount "47"]
[EventDate "2008.06.17"]
[EventType "tourn"]
[EventRounds "2"]
[EventCountry "PAR"]
[EventCategory "6"]
[SourceDate "2008.06.17"]

1. e4 c5 2. Nc3 a6 3. Nf3 d6 4. d4 cxd4 5. Nxd4 Nf6 6. Bc4 e6 7. Bb3 Nbd7 8. f4
Nc5 9. f5 Nxb3 10. axb3 Be7 11. O-O O-O 12. Kh1 Bd7 13. Bg5 Qc7 14. Nce2 Rae8
15. Ng3 Qc5 16. c3 Bd8 17. Bxf6 Bxf6 18. Nh5 Kh8 19. Nxf6 gxf6 20. Qh5 Qe5 21.
Qh4 exf5 22. exf5 d5 23. Rae1 Qd6 24. Kg1 1/2-1/2

[Event "Ciudad de Asuncion, Copa Benito Roggio"]
[Site "Asuncion"]
[Date "2008.06.20"]
[Round "1.4"]
[White "Diaz, Nahuel"]
[Black "Brito, Luismar"]
[Result "1-0"]
[WhiteElo "2430"]
[BlackElo "2353"]
[PlyCount "123"]
[EventDate "2008.06.17"]
[EventType "tourn"]
[EventRounds "2"]
[EventCountry "PAR"]
[EventCategory "6"]
[SourceDate "2008.06.17"]

1. Nf3 c5 2. g3 b6 3. e4 Bb7 4. Nc3 e6 5. Bg2 Be7 6. d4 cxd4 7. Nxd4 a6 8. O-O
d6 9. Re1 Qc7 10. Qg4 Bf6 11. e5 dxe5 12. Ndb5 axb5 13. Nxb5 Qd7 14. Bxb7 Ra5
15. Rd1 Qxb5 16. a4 Qc5 17. b4 Qe7 18. bxa5 Qxb7 19. Qb4 Ne7 20. Qxb6 Qc8 21.
a6 Nxa6 22. Qb5+ Nc6 23. Ba3 Be7 24. Rd3 Nab8 25. Rc3 f5 26. Bxe7 Kxe7 27. a5
Qd7 28. a6 Nd4 29. Qxe5 Rg8 30. a7 Nbc6 31. Qc5+ Kf7 32. Rd3 Ra8 33. Ra4 e5 34.
Qc4+ Qe6 35. c3 Qxc4 36. Rxc4 Rxa7 37. cxd4 Nxd4 38. Rd1 Ke6 39. Kg2 Kd5 40.
Rc8 g5 41. Rd8+ Ke6 42. Rb1 f4 43. g4 Ke7 44. Rh8 Ke6 45. Re1 Re7 46. Rd8 Kf6
47. Rd5 Re6 48. Re4 Nc6 49. Kf3 Ne7 50. Rb5 Nc6 51. Rd5 Ne7 52. Rd7 h6 53. Ra4
Rb6 54. Rda7 Rd6 55. R7a6 Nc6 56. Ke4 Ke6 57. Rc4 Kd7 58. Raxc6 Rxc6 59. Rxc6
Kxc6 60. Kxe5 Kc5 61. Kf5 Kd5 62. Kg6 1-0

[Event "Ciudad de Asuncion, Copa Benito Roggio"]
[Site "Asuncion"]
[Date "2008.06.20"]
[Round "1.4"]
[White "Kropff, Ricardo"]
[Black "Larrea, Manuel"]
[Result "1/2-1/2"]
[WhiteElo "2282"]
[BlackElo "2342"]
[PlyCount "61"]
[EventDate "2008.06.17"]
[EventType "tourn"]
[EventRounds "2"]
[EventCountry "PAR"]
[EventCategory "6"]
[SourceDate "2008.06.17"]

1. d4 Nf6 2. Nf3 g6 3. Bg5 Bg7 4. Nbd2 d6 5. e4 h6 6. Bh4 g5 7. Bg3 Nh5 8. c3
e6 9. Nc4 Nc6 10. Nfd2 Nxg3 11. hxg3 b5 12. Ne3 a6 13. f4 e5 14. fxe5 dxe5 15.
d5 Ne7 16. a4 Bd7 17. axb5 axb5 18. Nb3 O-O 19. Rxa8 Qxa8 20. Nc5 Qa7 21. b4 f5
22. d6 cxd6 23. Qxd6 Bc8 24. Bxb5 f4 25. Nd1 fxg3 26. Rxh6 Qa2 27. Be2 Bxh6 28.
Qxh6 Qf7 29. Qxg5+ Ng6 30. Bc4 Qxc4 31. Qxg6+ 1/2-1/2

[Event "Ciudad de Asuncion, Copa Benito Roggio"]
[Site "Asuncion"]
[Date "2008.06.21"]
[Round "1.5"]
[White "Bachmann, Axel"]
[Black "Diaz, Nahuel"]
[Result "1/2-1/2"]
[WhiteElo "2519"]
[BlackElo "2430"]
[PlyCount "29"]
[EventDate "2008.06.17"]
[EventType "tourn"]
[EventRounds "2"]
[EventCountry "PAR"]
[EventCategory "6"]
[SourceDate "2008.06.17"]

1. e4 e5 2. Nf3 Nc6 3. Bb5 a6 4. Ba4 Nf6 5. d3 b5 6. Bb3 Bd6 7. c3 O-O 8. O-O
Re8 9. Re1 Bf8 10. a4 Bb7 11. Nbd2 Na5 12. axb5 axb5 13. Ba2 c5 14. Nf1 h6 15.
Ng3 1/2-1/2

[Event "Ciudad de Asuncion, Copa Benito Roggio"]
[Site "Asuncion"]
[Date "2008.06.21"]
[Round "1.5"]
[White "Brito, Luismar"]
[Black "Kropff, Ricardo"]
[Result "1/2-1/2"]
[WhiteElo "2353"]
[BlackElo "2282"]
[PlyCount "32"]
[EventDate "2008.06.17"]
[EventType "tourn"]
[EventRounds "2"]
[EventCountry "PAR"]
[EventCategory "6"]
[SourceDate "2008.06.17"]

1. e4 Nf6 2. Nc3 e5 3. Nf3 Bb4 4. Bc4 d6 5. h3 O-O 6. d3 Bxc3+ 7. bxc3 Be6 8.
Bb3 c5 9. Bxe6 fxe6 10. O-O Nc6 11. Be3 Qc7 12. Nd2 Rf7 13. a4 Raf8 14. Nf3 h6
15. Nh2 Ne7 16. Ng4 Kh7 1/2-1/2

[Event "Ciudad de Asuncion, Copa Benito Roggio"]
[Site "Asuncion"]
[Date "2008.06.21"]
[Round "1.5"]
[White "Larrea, Manuel"]
[Black "Cubas, Jose Fernando"]
[Result "0-1"]
[WhiteElo "2342"]
[BlackElo "2430"]
[PlyCount "80"]
[EventDate "2008.06.17"]
[EventType "tourn"]
[EventRounds "2"]
[EventCountry "PAR"]
[EventCategory "6"]
[SourceDate "2008.06.17"]

1. e4 e6 2. d3 d5 3. Nd2 c5 4. Ngf3 Nc6 5. g3 Nge7 6. Bg2 g6 7. O-O Bg7 8. Re1
b6 9. exd5 exd5 10. d4 O-O 11. dxc5 bxc5 12. Nb3 c4 13. Nbd4 Bg4 14. Nxc6 Nxc6
15. h3 Bf5 16. Bg5 Qa5 17. Nh4 Be6 18. c3 Rab8 19. Qd2 Rfc8 20. Re2 Qc5 21. Bf4
Rb6 22. Bh6 Rcb8 23. Rb1 Bxh6 24. Qxh6 Qf8 25. Qxf8+ Kxf8 26. f4 d4 27. cxd4
Nxd4 28. Rd2 c3 29. Rxd4 Bxa2 30. Rbd1 cxb2 31. Be4 f5 32. Bd3 Rc6 33. Kf2 Bb3
34. Rb1 Bc2 35. Bxc2 Rxc2+ 36. Ke1 Rc1+ 37. Rd1 Rxb1 38. Rxb1 a5 39. Nf3 a4 40.
Ne5 a3 0-1

[Event "Ciudad de Asuncion, Copa Benito Roggio"]
[Site "Asuncion"]
[Date "2008.06.22"]
[Round "2.1"]
[White "Brito, Luismar"]
[Black "Cubas, Jose Fernando"]
[Result "1-0"]
[WhiteElo "2353"]
[BlackElo "2430"]
[PlyCount "71"]
[EventDate "2008.06.17"]
[EventType "tourn"]
[EventRounds "2"]
[EventCountry "PAR"]
[EventCategory "6"]
[SourceDate "2008.06.17"]

1. e4 e6 2. Nf3 d5 3. Nc3 Nf6 4. e5 Nfd7 5. d4 c5 6. dxc5 Nc6 7. Bf4 Nxc5 8.
Bd3 Be7 9. Ne2 g5 10. Bg3 Qb6 11. b3 Bd7 12. c3 Rc8 13. Rc1 g4 14. Nfd4 Nxd4
15. Nxd4 Nxd3+ 16. Qxd3 Bb4 17. O-O Qc5 18. Rc2 Ba3 19. f4 a6 20. Bf2 Bb5 21.
c4 dxc4 22. Qg3 Qe7 23. f5 h5 24. f6 Qb4 25. Rd1 Rd8 26. h3 cxb3 27. axb3 Bc6
28. hxg4 hxg4 29. Qxg4 Bd5 30. Rc7 Qf8 31. Nxe6 Bxe6 32. Qa4+ b5 33. Rxd8+ Kxd8
34. Qa5 Bd6 35. Re7+ Kc8 36. Qxa6+ 1-0

[Event "Ciudad de Asuncion, Copa Benito Roggio"]
[Site "Asuncion"]
[Date "2008.06.22"]
[Round "2.1"]
[White "Larrea, Manuel"]
[Black "Bachmann, Axel"]
[Result "0-1"]
[WhiteElo "2342"]
[BlackElo "2519"]
[PlyCount "86"]
[EventDate "2008.06.17"]
[EventType "tourn"]
[EventRounds "2"]
[EventCountry "PAR"]
[EventCategory "6"]
[SourceDate "2008.06.17"]

1. e4 Nc6 2. Nf3 d6 3. d4 Nf6 4. Nc3 g6 5. h3 Bg7 6. Be3 O-O 7. Qd2 e5 8. d5
Ne7 9. O-O-O Nxe4 10. Nxe4 f5 11. g4 fxe4 12. Ng5 c6 13. dxc6 d5 14. cxb7 Bxb7
15. Ne6 Qc8 16. Nxg7 d4 17. Bh6 e3 18. Qb4 Rxf2 19. Bc4+ Bd5 20. Nf5 Nxf5 21.
Bxd5+ Kh8 22. Qa4 Nxh6 23. Rxd4 Qc5 24. Rd3 Raf8 25. b4 Qb6 26. Kb2 e4 27. Bxe4
R2f4 28. b5 Re8 29. Rd4 Nf7 30. c3 Re5 31. Bc6 Rf2+ 32. Kb3 e2 33. Qa3 Rxb5+
34. Bxb5 Qxb5+ 35. Rb4 Qd5+ 36. Ka4 Qxh1 37. Rb8+ Kg7 38. Qf8+ Kf6 39. g5+ Kxg5
40. Rb5+ Kh4 41. Qe7+ g5 42. Rb4+ Kh5 43. Qe6 e1=Q 0-1

[Event "Ciudad de Asuncion, Copa Benito Roggio"]
[Site "Asuncion"]
[Date "2008.06.23"]
[Round "2.2"]
[White "Cubas, Jose Fernando"]
[Black "Kropff, Ricardo"]
[Result "1/2-1/2"]
[WhiteElo "2430"]
[BlackElo "2282"]
[PlyCount "46"]
[EventDate "2008.06.17"]
[EventType "tourn"]
[EventRounds "2"]
[EventCountry "PAR"]
[EventCategory "6"]
[SourceDate "2008.06.17"]

1. e4 c5 2. Nf3 d6 3. Bc4 Nf6 4. d3 g6 5. e5 dxe5 6. Nxe5 e6 7. Bb5+ Bd7 8.
Nxd7 Nfxd7 9. O-O Bg7 10. Qf3 Qb6 11. Nc3 O-O 12. a4 Ne5 13. Qg3 Nbc6 14. Bf4
Qa5 15. Rae1 a6 16. Bxc6 Nxc6 17. Bd6 Rfe8 18. Re4 Qb6 19. Rc4 Qxb2 20. Nd1 Qa2
21. Bxc5 b5 22. Nc3 Qb2 23. Nd1 Qa2 1/2-1/2

[Event "Ciudad de Asuncion, Copa Benito Roggio"]
[Site "Asuncion"]
[Date "2008.06.23"]
[Round "2.2"]
[White "Larrea, Manuel"]
[Black "Diaz, Nahuel"]
[Result "0-1"]
[WhiteElo "2342"]
[BlackElo "2430"]
[PlyCount "86"]
[EventDate "2008.06.17"]
[EventType "tourn"]
[EventRounds "2"]
[EventCountry "PAR"]
[EventCategory "6"]
[SourceDate "2008.06.17"]

1. e4 g6 2. d4 d6 3. Nc3 Bg7 4. f4 Nf6 5. Nf3 O-O 6. Bd3 c5 7. d5 Na6 8. O-O
Nc7 9. a4 e6 10. dxe6 fxe6 11. e5 Nfd5 12. Ne4 Ne8 13. Bc4 Nb6 14. Bb5 Bd7 15.
Nxd6 Bxb5 16. Nxb5 Qxd1 17. Rxd1 Nd5 18. g3 a6 19. Na3 b5 20. axb5 axb5 21. Bd2
Nec7 22. c4 bxc4 23. Nxc4 h6 24. h4 Rfb8 25. Kf2 Rb3 26. Rxa8+ Nxa8 27. Ra1
Nab6 28. Nxb6 Rxb6 29. Ra2 Bf8 30. Ke2 Rb3 31. Bc1 c4 32. Nd4 Rxg3 33. Nxe6
Nc3+ 34. bxc3 Rg2+ 35. Ke3 Rxa2 36. Nxf8 Kxf8 37. Kd4 Kf7 38. f5 gxf5 39. Bxh6
Ke6 40. Bg5 Re2 41. Kxc4 f4 42. Kd3 f3 43. Be3 Ra2 0-1

[Event "Ciudad de Asuncion, Copa Benito Roggio"]
[Site "Asuncion"]
[Date "2008.06.24"]
[Round "2.5"]
[White "Kropff, Ricardo"]
[Black "Brito, Luismar"]
[Result "1-0"]
[WhiteElo "2282"]
[BlackElo "2353"]
[PlyCount "51"]
[EventDate "2008.06.17"]
[EventType "tourn"]
[EventRounds "2"]
[EventCountry "PAR"]
[EventCategory "6"]
[SourceDate "2008.06.17"]

1. d4 c5 2. d5 e5 3. e4 d6 4. Nf3 Be7 5. Be2 Nd7 6. Nc3 a6 7. a4 Nf8 8. Nd2 Ng6
9. Nc4 Nf6 10. O-O O-O 11. a5 Rb8 12. Ra3 Ne8 13. Rb3 Qc7 14. g3 Bh3 15. Re1
Bf6 16. g4 h5 17. g5 Bd8 18. Bxh5 Qd7 19. Qf3 Nf4 20. Bxf4 g6 21. Ne2 gxh5 22.
Qxh3 Qxh3 23. Rxh3 exf4 24. Nxf4 Ng7 25. Nxh5 Bxg5 26. Rg3 1-0

[Event "Ciudad de Asuncion, Copa Benito Roggio"]
[Site "Asuncion"]
[Date "2008.06.24"]
[Round "2.5"]
[White "Diaz, Nahuel"]
[Black "Bachmann, Axel"]
[Result "1/2-1/2"]
[WhiteElo "2430"]
[BlackElo "2519"]
[PlyCount "69"]
[EventDate "2008.06.17"]
[EventType "tourn"]
[EventRounds "2"]
[EventCountry "PAR"]
[EventCategory "6"]
[SourceDate "2008.06.17"]

1. Nf3 g6 2. d4 Bg7 3. g3 Nf6 4. Bg2 O-O 5. O-O d6 6. b3 Ne4 7. Bb2 Nc6 8. Nbd2
Nxd2 9. Qxd2 e5 10. e4 Bg4 11. d5 Bxf3 12. Bxf3 Ne7 13. Bg2 f5 14. f4 fxe4 15.
fxe5 Bxe5 16. Bxe5 dxe5 17. Rxf8+ Qxf8 18. d6 cxd6 19. Qxd6 Nc6 20. Qxf8+ Kxf8
21. Bxe4 Rd8 22. Re1 Rd6 23. Kf2 b6 24. Ke3 Ke7 25. Rf1 a5 26. c3 Nb8 27. Bf3
Nd7 28. Rd1 Rxd1 29. Bxd1 Kd6 30. a4 Nf6 31. Bf3 Kc5 32. h3 b5 33. axb5 Kxb5
34. Be2+ Kc5 35. Bf3 1/2-1/2

[Event "Ciudad de Asuncion, Copa Benito Roggio"]
[Site "Asuncion"]
[Date "2008.06.24"]
[Round "2.5"]
[White "Cubas, Jose Fernando"]
[Black "Larrea, Manuel"]
[Result "1-0"]
[WhiteElo "2430"]
[BlackElo "2342"]
[PlyCount "91"]
[EventDate "2008.06.17"]
[EventType "tourn"]
[EventRounds "2"]
[EventCountry "PAR"]
[EventCategory "6"]
[SourceDate "2008.06.17"]

1. e4 c5 2. Nf3 Nc6 3. d4 cxd4 4. Nxd4 Nf6 5. Nc3 d6 6. f4 Qb6 7. Nxc6 bxc6 8.
Bc4 e6 9. Qe2 d5 10. exd5 cxd5 11. Bb5+ Bd7 12. Bxd7+ Kxd7 13. a4 a5 14. Bd2
Bc5 15. O-O-O Rhc8 16. g4 Rab8 17. b3 Bd4 18. Nb5 Ne4 19. Be1 Be3+ 20. Kb2 Ke7
21. Bxa5 Bd4+ 22. Rxd4 Qxa5 23. Rxe4 dxe4 24. Qxe4 Qd2 25. Re1 Rb6 26. Re2 Qa5
27. Qd4 Rxb5 28. axb5 Ra8 29. Qa4 Qxa4 30. bxa4 Rxa4 31. Kb3 Rxf4 32. Rd2 Rf1
33. c4 Rb1+ 34. Ka4 e5 35. c5 h5 36. c6 Rc1 37. Ka5 e4 38. Kb6 hxg4 39. c7 f5
40. Rd1 Rc2 41. Kb7 f4 42. Rd4 e3 43. Rxf4 e2 44. Re4+ Kd7 45. b6 g5 46. Rxe2
1-0

[Event "Ciudad de Asuncion, Copa Benito Roggio"]
[Site "Asuncion"]
[Date "2008.06.25"]
[Round "2.4"]
[White "Brito, Luismar"]
[Black "Diaz, Nahuel"]
[Result "1/2-1/2"]
[WhiteElo "2353"]
[BlackElo "2430"]
[PlyCount "40"]
[EventDate "2008.06.17"]
[EventType "tourn"]
[EventRounds "2"]
[EventCountry "PAR"]
[EventCategory "6"]
[SourceDate "2008.06.17"]

1. e4 d6 2. d4 g6 3. h3 Bg7 4. Nf3 Nd7 5. Bc4 e6 6. O-O Ne7 7. Nc3 O-O 8. Bg5
h6 9. Bf4 a6 10. a4 b6 11. Re1 Bb7 12. Qd3 Nf6 13. Qd2 g5 14. Bh2 b5 15. Bd3 b4
16. Nd1 c5 17. c4 bxc3 18. Nxc3 cxd4 19. Nxd4 Qb6 20. Nc2 Ng6 1/2-1/2

[Event "Ciudad de Asuncion, Copa Benito Roggio"]
[Site "Asuncion"]
[Date "2008.06.25"]
[Round "2.4"]
[White "Larrea, Manuel"]
[Black "Kropff, Ricardo"]
[Result "0-1"]
[WhiteElo "2342"]
[BlackElo "2282"]
[PlyCount "62"]
[EventDate "2008.06.17"]
[EventType "tourn"]
[EventRounds "2"]
[EventCountry "PAR"]
[EventCategory "6"]
[SourceDate "2008.06.17"]

1. e4 Nf6 2. e5 Nd5 3. d4 d6 4. c4 Nb6 5. exd6 cxd6 6. Nc3 g6 7. Be3 Bg7 8. Rc1
O-O 9. b3 N6d7 10. Nf3 e5 11. d5 Nf6 12. h3 Nbd7 13. b4 a5 14. a3 axb4 15. axb4
Nh5 16. c5 dxc5 17. bxc5 Qa5 18. c6 bxc6 19. dxc6 e4 20. Nd4 Nc5 21. Be2 Rd8
22. O-O Bxd4 23. Bxd4 Ne6 24. Nb5 Nhf4 25. Ra1 Qxa1 26. Bxa1 Rxd1 27. Rxd1
Nxe2+ 28. Kh2 N2f4 29. Nc7 Rxa1 30. Rxa1 Nxc7 31. Ra7 Nfe6 0-1

[Event "Ciudad de Asuncion, Copa Benito Roggio"]
[Site "Asuncion"]
[Date "2008.06.25"]
[Round "2.4"]
[White "Bachmann, Axel"]
[Black "Cubas, Jose Fernando"]
[Result "1-0"]
[WhiteElo "2519"]
[BlackElo "2430"]
[PlyCount "103"]
[EventDate "2008.06.17"]
[EventType "tourn"]
[EventRounds "2"]
[EventCountry "PAR"]
[EventCategory "6"]
[SourceDate "2008.06.17"]

1. c4 e5 2. Nc3 Nf6 3. Nf3 Nc6 4. e3 d5 5. cxd5 Nxd5 6. Bb5 Nxc3 7. bxc3 Bd7 8.
d4 Bd6 9. O-O O-O 10. Be2 Re8 11. d5 Ne7 12. e4 h6 13. c4 b6 14. Ne1 f5 15. Bf3
Rf8 16. Nd3 Ng6 17. g3 Qf6 18. Bb2 Rae8 19. Re1 f4 20. Bg4 Re7 21. Bxd7 Rxd7
22. Qg4 Rdf7 23. a4 Kh7 24. Bc1 Bc5 25. Ra2 Bd4 26. Kg2 c5 27. Rf1 Qd8 28. f3
Rf6 29. Qh5 a6 30. Kh1 b5 31. axb5 axb5 32. gxf4 exf4 33. cxb5 Qb6 34. Rg2 Qxb5
35. Rd2 Ne5 36. Rfd1 Nc4 37. Re2 Ne5 38. Red2 Nc4 39. Re2 Ne3 40. Bxe3 Bxe3 41.
Qh3 Rg6 42. Ree1 c4 43. Ne5 Ra6 44. Rb1 Qa4 45. Qf1 c3 46. Ra1 Qe8 47. Rxa6
Qxe5 48. Qd3 Rb8 49. Ra2 Rc8 50. Rc2 Qh5 51. e5+ Kh8 52. Qe4 1-0

[Event "Ciudad de Asuncion, Copa Benito Roggio"]
[Site "Asuncion"]
[Date "2008.06.25"]
[Round "2.3"]
[White "Brito, Luismar"]
[Black "Larrea, Manuel"]
[Result "1/2-1/2"]
[WhiteElo "2353"]
[BlackElo "2342"]
[PlyCount "89"]
[EventDate "2008.06.17"]
[EventType "tourn"]
[EventRounds "2"]
[EventCountry "PAR"]
[EventCategory "6"]
[SourceDate "2008.06.17"]

1. e4 c5 2. Nf3 Nc6 3. Nc3 d6 4. d4 cxd4 5. Nxd4 Nf6 6. Bg5 Bd7 7. Qd2 Rc8 8.
O-O-O Nxd4 9. Qxd4 Qa5 10. Bxf6 gxf6 11. Kb1 Qc5 12. Qd2 e6 13. f4 b5 14. Bd3
h5 15. g3 Be7 16. Rhf1 b4 17. Ne2 Bd8 18. Nc1 a5 19. Be2 Rc6 20. Rf3 Qb6 21.
Rd3 Bc7 22. Bf3 Rc5 23. Rd4 Bb8 24. Nb3 Rc8 25. Re1 Qc7 26. f5 e5 27. Rd5 a4
28. Na5 Ke7 29. Be2 Ba7 30. Nc4 Bc5 31. Rd1 Bc6 32. Nxd6 Bxd5 33. Nxc8+ Rxc8
34. Qxd5 Bd4 35. Rd2 a3 36. Bxh5 Kf8 37. Qb3 axb2 38. h4 Qa7 39. Bd1 Kg7 40. g4
Rc3 41. Qxb4 Ra3 42. Qc4 Ra4 43. Qd5 Ra5 44. Qb3 Ra3 45. Qd5 1/2-1/2

[Event "Ciudad de Asuncion, Copa Benito Roggio"]
[Site "Asuncion"]
[Date "2008.06.26"]
[Round "2.3"]
[White "Kropff, Ricardo"]
[Black "Bachmann, Axel"]
[Result "0-1"]
[WhiteElo "2282"]
[BlackElo "2519"]
[PlyCount "60"]
[EventDate "2008.06.17"]
[EventType "tourn"]
[EventRounds "2"]
[EventCountry "PAR"]
[EventCategory "6"]
[SourceDate "2008.06.17"]

1. d4 Nf6 2. Nf3 e6 3. e3 b6 4. Bd3 Bb7 5. O-O c5 6. c4 d6 7. Nc3 Nbd7 8. b3
Be7 9. Bb2 cxd4 10. exd4 d5 11. Qe2 O-O 12. Rfd1 Rc8 13. Rac1 Re8 14. Ne5 Nf8
15. cxd5 Nxd5 16. Bb5 Nxc3 17. Rxc3 Qd5 18. Rg3 Red8 19. Bc4 Qe4 20. Qh5 g6 21.
d5 Qh4 22. Qe2 Bxd5 23. Bxd5 Rxd5 24. Rxd5 exd5 25. Ng4 Nd7 26. Qd2 Bf6 27.
Nh6+ Kf8 28. Rf3 Qe4 29. Ba3+ Kg7 30. h3 Rc2 0-1